Регионална библиотека "Любен Каравелов" - Русе

Босилекова планина (Запис номер 183519)

MARC детайли
000 -Лидер
Контролно поле с фиксирана дължина 01254nam a2200301 c 4500
003 - Код на организацията, давaща контролен номер
Контролно поле BLK
005 - Дата и час на последна редакция
Контролно поле 20180422115305.0
008 - Елементи от данни с фиксирана дължина
fixed length control field 180411b bul|||||r ||||||| ||bul||
010 ## - Наследен системен номер
LC control number KNG00192452000
040 ## - Източник на каталожния запис
Идентификатор на билиотеката - собственик на записа BLK
041 ## - Код за език
Код за езика на текст/звукозапис или на отделно заглавие Български
Код за езика КДБФ Български
080 ## - УДК
Текстов определител УДК Руска литература
УДК код - определител по УДК 821.161.1
УДК определител -31
УДК - код + определител 821.161.1-31
100 1# - Редна дума - Автор
Автор Диргела, Повилас
Авторска отговорност първи автор
R(LIN) 343229
139 ## - Редно поле
Редна дума Диргела, Повилас и др.
Авторски знак Дир - Д 63
245 10 - Сведения за заглавието
Заглавие Босилекова планина
Подзаглавни данни Роман
Редно поле (дума) Повилас Диргела; съавт. Пятрас Диргела; прев. от рус. Антоанета Жекова Бежанска.
257 ## - Страна на издаване
Страна на създаване/издаване СССР
260 ## - Област на издателските данни
-- София
Име на издателя, разпространителя и проч. Нар. култура
Година на издаване 1984
Печатница В. Търново : Д. Найденов
300 ## - Физическа характеристика
Страници 240 с.
Размери/Мащаб 20 см
380 ## - Жанр
Жанр Худож. лит.
500 ## - Общи забележки
Забележка Прев. от рус. изд. Шалфейная гора, М., 1982. - 10 125 тир.
700 1# - Други автори (авторска отговорност)
Лично име Диргела, Пятрас
Автороска отговорност (Описва отношението между автора и произведението) съавт.
9 (RLIN) 343230
700 1# - Други автори (авторска отговорност)
Лично име Бежанска, Антоанета Жекова
Автороска отговорност (Описва отношението между автора и произведението) прев. от рус.
9 (RLIN) 371554
852 ## - Местоположение
Форматна сигнатура Цб 127585
856 4# - Електронен адрес и достъп
Електронен формат pdf - файл
Път до файла /url/
856 4# - Електронен адрес и достъп
Електронен формат pdf - файл
Път до файла /url/
942 ## - АРТИКУЛИ
Вид на библиотечния материал Книги
Скрит в OPAC Не
944 ## - СЪЗДАВАНЕ И РЕДАКЦИЯ на ЗАПИСА
Създаване/Редакция Създаване
Дата на регистрацията/редакция 11.10.2016
Служител, извършил регистрацията/редакцията Кети_Илиева
944 ## - СЪЗДАВАНЕ И РЕДАКЦИЯ на ЗАПИСА
Създаване/Редакция Редакция
Дата на регистрацията/редакция 11.10.2016
Служител, извършил регистрацията/редакцията Кети_Илиева
999 ## - СИСТЕМНИ КОНТРОЛНИ НОМЕРА
Koha biblionumber 183519
Koha biblioitemnumber 183519
Наличности
Код за отписване Код за изгубен артикул Източник на класификационната схема Код за повреда Коз за рестрикции Код за отдаване Артикулен № Име на библиотеката - собственик Име на библиотеката, в която се намира в момента Статус (Текущо местоположение) Дата на вписване в системата Местоположение - отдел Цена в лева Инвентарен номер Систематично азбучна сигнатура Баркод Номер на екземпляра Цена в евро Служебна бележка Служебен тип на артикула
  Не е изгубен Universal Decimal Classification Не е повреден без рестрикции ползва се в читалня 316488 Регионална библиотека "Любен Каравелов" Русе Регионална библиотека "Любен Каравелов" Русе Хранилище 1984-01-01 Хранилище 1.52 408372 Цб 127585 900000012981 1 0.78 Вид: Сф Дата: 01.01.1984 Книги
Изтеглен Не е изгубен Universal Decimal Classification Не е повреден без рестрикции заемане за дома 316489 Регионална библиотека "Любен Каравелов" Русе Регионална библиотека "Любен Каравелов" Русе Заемна - подръчен фонд 1984-01-01 Заемна - подръчен фонд 1.52 408484 П 882-31/Д 63 408484 2 0.78 Вид: Сф Дата: 01.01.1984 Дата инв: 09.02.2018 Бележки инв: П2018 Книги
Изтеглен Не е изгубен Universal Decimal Classification Не е повреден без рестрикции заемане за дома 316490 Регионална библиотека "Любен Каравелов" Русе Регионална библиотека "Любен Каравелов" Русе Заемна - подръчен фонд 1984-01-01 Заемна - подръчен фонд 1.52 408487 П 882-31/Д 63 408487 3 0.78 Вид: Сф Дата: 01.01.1984 Дата инв: 09.02.2018 Бележки инв: П2018 Книги
Vip Innovations Ltd, Rousse, Bulgaria 2025